| 000 | 01089nam a2200145Ia 4500 | ||
|---|---|---|---|
| 005 | 20260209120144.0 | ||
| 008 | 260209s9999||||xx |||||||||||||| ||und|| | ||
| 100 | _aShivani Tiwari | ||
| 245 | 0 | _aImplication of e-commerce on banking law | |
| 260 |
_aBangaloreBangalore _bNLSIU _c2020 |
||
| 300 | _a66 p. ; 25 cm. | ||
| 505 | _aCONTENTS 1- Chapter 1- Introduction and Research Methodology; 2- Chapter 2- Concept of E-commerce and its salient features; 3- Chapter 3- Impact of E-commerce on Banking Sector; 4- Chapter 4- E-commerce in Banking Sector: E-banking; 5- Chapter 5- Evolution of E-banking in India; 6- Chapter 6- Forms of products and services through e-banking operations; 7- Chapter 7- Challenges/risks in E-banking operations; 8- Chapter 8- Implication of E-commerce in existing banking and information & technology law; 9- Chapter 9-Efforts taken by Reserve Bank of India; 10- Chapter 10- Recommendations; 11- Conclusion; 12- References; 13- Annexure. | ||
| 700 | _aDr. Nagarathna A - GuideDr. Nagarathna A - Guide | ||
| 856 | _uhttps://dans.nls.ac.in/handle/123456789/421 | ||
| 999 |
_c217472 _d217472 |
||